Actas resumidas. (Record no. 133081)

MARC details
000 -CABECERA
campo de control de longitud fija 00617nam a2200193 a 4500
005 - FECHA Y HORA DE LA ÚLTIMA TRANSACCIÓN
campo de control 20210219160216.0
008 - ELEMENTOS DE LONGITUD FIJA--INFORMACIÓN GENERAL
campo de control de longitud fija 080925s2000 mx r 000 0 spa d
035 ## - NÚMERO DE CONTROL DEL SISTEMA
Número de control de sistema UPN01000160968
049 ## - COLECCIÓN
Colección UNE
080 ## - NÚMERO DE CLASIFICACIÓN DECIMAL UNIVERSAL
Número de la Clasificación Decimal Universal DO 341.16: 001 (093.2) RES4a. ex.1985.
110 2# - ASIENTO PRINCIPAL--NOMBRE CORPORATIVO
Nombre de entidad corporativa o nombre de jurisdicción como elemento de entrada UNESCO. Consejo Ejecutivo,4a.ext.; 1985 : París
245 10 - MENCIÓN DE TÍTULO
Título Actas resumidas.
260 ## - PUBLICACIÓN, DISTRIBUCIÓN, ETC.
Lugar de publicación, distribución, etc. París : UNESCO, 1985.
300 ## - DESCRIPCIÓN FÍSICA
Extensión 118 p.
500 ## - NOTA GENERAL
Nota general Incluye texto en inglés, francés, chino, ruso y español
690 ## - PUNTO DE ACCESO ADICIONAL DE MATERIA LOCAL--TÉRMINO DE MATERIA (OCLC, RLIN)
Término de materia o nombre geográfico como elemento inicial Acuerdos- Consejo Ejecutivo de la UNESCO
690 ## - PUNTO DE ACCESO ADICIONAL DE MATERIA LOCAL--TÉRMINO DE MATERIA (OCLC, RLIN)
Término de materia o nombre geográfico como elemento inicial Consejo Ejecutivo de la UNESCO- Acuerdos
905 ## - TIPO DE MATERIAL
Tipo de material UNESCO

No items available.